Statistics for Countries That Have Only Been To The World Cup Once

Click here to take the quiz!

General Stats

  • This quiz has been taken 26 times
  • The average score is 12 of 19

Answer Stats

Year QualifiedCountry% Correct
2022Qatar
85%
1986Iraq
80%
2018Iceland
75%
2018Panama
75%
2014Bosnia And Herzegovina
70%
1938Indonesia
70%
2002China
65%
1970Israel
65%
1938Cuba
60%
1982Kuwait
60%
2010Slovakia
60%
2006Togo
60%
2006Trinidad And Tobago
60%
2006Angola
55%
1998Jamaica
50%
2006Ukraine
50%
1990United Arab Emirates
50%
1974Haiti
45%
1974Democratic Republic Of Congo
15%

Score Distribution

Percentile by Number Answered

Percent of People with Each Score

Your Score History

You have not taken this quiz